000 00222nam a2200097Ia 4500
008 240331s9999 xx 000 0 und d
082 _bSUB
100 _aSubramaniam, K.N
245 0 _aIlakkiyaththukku orr iyakkam
942 _cL
999 _c3801
_d3801